La percepción acústica.

El sentido auditivo. Descripción del oído. Ondas sonoras. Tonos y ruidos. Captación simultánea de sonidos, tonos y ruidos. Intensidad y frecuencia.

Guardado en:
Formato: Deslizar
Materias:
Etiquetas: Agregar Etiqueta
Sin Etiquetas, Sea el primero en etiquetar este registro!
LEADER 00948ngm a22002895g 4500
001 CEM.cems022066
008 130507b1994##################0###0#####d
005 20241003144734.0
245 0 0 |a La percepción acústica. 
300 |a 27'. 
500 |a En soporte VHS, consultar en ventanilla. 
538 |a Soporte: VHS - Norma: Pal N - Color - Grabación DRD 1994 - Hitachi=2510 
520 |a El sentido auditivo. Descripción del oído. Ondas sonoras. Tonos y ruidos. Captación simultánea de sonidos, tonos y ruidos. Intensidad y frecuencia. 
082 6 1 |. 81/TRA 
653 |a ANATOMIA 
653 |a FISIOLOGIA 
653 |a AUDICION 
653 |a PERCEPCION ACUSTICA 
653 |a OIDO 
653 |a ONDAS SONORAS 
653 |a SONIDOS 
653 |a TONOS 
653 |a RUIDOS 
653 |a INTENSIDAD 
653 |a FRECUENCIA 
653 |a NIVEL SECUNDARIO 
859 |a CEMS  |b BIB. CEMS - Depto. Recursos Didacticos  |h 611.81  |i TRA  |k DRD  |p 709.12  |t Ej.1